00756nam a22002297a 450000500170000000800410001701000130005802000230007103500130009403700160010704000120012308200150013510000200015024501060017026000460027627000480032230000260037050000440039665000210044065000450046170000200050620220425144537.0220425b ||||| |||| 00| 0 eng d aB-083008 c295.00a8120313933 aB-083008 bCen Lib/Ret aDPLbEN a005.3bCAL aCalabria, Jane  aMicrosoft office user specialist :bmicrosoft 97 exam guide /cby Jane Calabria [and] Dorothy Burke  aNew Delhi bPrentice Hall of India c1997 bNew Delhi aM-97, connaught circus e110001 axvii, 328p.c21cm(Hb) aIncludes appendix, glossary and index  aComputer science aSoftware application (MS Office)vGuide  aBurke, Dorothy